Normal view
MARC view
- الإرهاب الرقمي في القانون البحريني المقارن -- نظام سعودي -- قانون مصري
Entry Topical Term
001 - CONTROL NUMBER
- control field: 53164
003 - CONTROL NUMBER IDENTIFIER
- control field: JO-AjAnu
005 - DATE AND TIME OF LATEST TRANSACTION
- control field: 20230606082732.0
008 - FIXED-LENGTH DATA ELEMENTS
- fixed length control field: 230606|| aca||aabn | a|a d
040 ## - CATALOGING SOURCE
- Original cataloging agency: JO-AjAnu
- Transcribing agency: JO-AjAnu
150 ## - HEADING--TOPICAL TERM
- Topical term or geographic name entry element: الإرهاب الرقمي في القانون البحريني المقارن -- نظام سعودي -- قانون مصري
670 ## - SOURCE DATA FOUND
- Source citation: Work cat.: (JO-AjAnu)27162: العادلي ، محمود صالح, author 53163, الإرهاب الرقمي في القانون البحريني المقارن بالنظام السعودي والقانون المصري